Statystyki dla Zwierzęta na literę Ł

Kliknij tutaj aby rozwiązać quiz!

Ogólne statystyki

  • Ten quiz został rozwiązany 217 razy
  • Średni wynik to 4 z 7

Statystyki odpowiedzi

Zwierzę% Poprawnych
łoś
99%
łosoś
71%
łabędź
64%
łania
64%
łasica
61%
łyska
19%
łuszczyk
8%

Rozkład punktacji

Percentyl według liczby udzielonych odpowiedzi

Procent ludzi z każdym wynikiem

Twoja historia wyników

Nie rozwiązałeś tego quizu